|
|
|
|
| LEADER |
00000cas a2200000 c 4500 |
| 001 |
12948637X |
| 003 |
DE-627 |
| 005 |
20250704015155.0 |
| 007 |
tu |
| 008 |
931114d19462001fr z| p| 0 |0fre c |
| 016 |
7 |
|
|a 011177519
|2 DE-101
|
| 016 |
7 |
|
|a 205241-6
|2 DE-600
|
| 022 |
|
|
|a 0035-3396
|
| 035 |
|
|
|a (DE-627)12948637X
|
| 035 |
|
|
|a (DE-576)014877384
|
| 035 |
|
|
|a (DE-599)ZDB205241-6
|
| 035 |
|
|
|a (OCoLC)648039996
|
| 040 |
|
|
|a DE-627
|b ger
|c DE-627
|e rakwb
|
| 041 |
|
|
|a fre
|
| 044 |
|
|
|c XA-FR
|
| 082 |
0 |
4 |
|a 340
|q DE-600
|
| 084 |
|
|
|a 2
|2 ssgn
|
| 084 |
|
|
|a 88.17
|2 bkl
|
| 084 |
|
|
|a 89.40
|2 bkl
|
| 245 |
0 |
0 |
|a Revue internationale de police criminelle
|b RIPC ; publication officielle de l'Organisation Internationale de Police Criminelle (Interpol)
|
| 246 |
3 |
3 |
|a RIPC
|
| 264 |
3 |
1 |
|a Paris
|b OIPC
|c 1946-2001
|
| 336 |
|
|
|a Text
|b txt
|2 rdacontent
|
| 337 |
|
|
|a ohne Hilfsmittel zu benutzen
|b n
|2 rdamedia
|
| 338 |
|
|
|a Band
|b nc
|2 rdacarrier
|
| 362 |
0 |
|
|a 1.1946 - 56.2001 = Nr. 1-491; damit Ersch. eingest.
|
| 363 |
0 |
0 |
|a 1
|i 1946
|
| 363 |
1 |
0 |
|i 2001
|a 56
|
| 500 |
|
|
|a Urh. 1.1946 - 11.1956: Commission Internationale de Police Criminelle
|
| 555 |
|
|
|a Index 20/21.1965/66; 45/48.1990/93 in: 49.1994,446; 45/50.1990/95 in: 51.1996,456; 52/56.1997/2001 in: 56.2001,491
|
| 591 |
|
|
|a 21!(03-05-04)
|
| 655 |
|
7 |
|a Zeitschrift
|0 (DE-588)4067488-5
|0 (DE-627)10454466X
|0 (DE-576)20917000X
|2 gnd-content
|
| 689 |
0 |
0 |
|d s
|0 (DE-588)4046595-0
|0 (DE-627)106197525
|0 (DE-576)209070196
|a Polizei
|2 gnd
|
| 689 |
0 |
1 |
|d s
|0 (DE-588)4165743-3
|0 (DE-627)104696176
|0 (DE-576)209897465
|a Kriminalpolizei
|2 gnd
|
| 689 |
0 |
2 |
|d s
|0 (DE-588)4033177-5
|0 (DE-627)106258583
|0 (DE-576)209000503
|a Kriminalistik
|2 gnd
|
| 689 |
0 |
3 |
|d b
|0 (DE-588)6512314-1
|0 (DE-627)518254046
|0 (DE-576)257496459
|a Deutsches Reich
|b Sicherheitspolizei
|2 gnd
|
| 689 |
0 |
4 |
|d s
|0 (DE-588)4137557-9
|0 (DE-627)104571322
|0 (DE-576)209678623
|a Politische Polizei
|2 gnd
|
| 689 |
0 |
5 |
|d s
|0 (DE-588)4254888-3
|0 (DE-627)10469419X
|0 (DE-576)210542934
|a Schutzpolizei
|2 gnd
|
| 689 |
0 |
6 |
|d s
|0 (DE-588)4063317-2
|0 (DE-627)106128507
|0 (DE-576)209148136
|a Verwaltung
|2 gnd
|
| 689 |
0 |
|
|5 (DE-627)
|
| 710 |
2 |
|
|a INTERPOL
|e Herausgebendes Organ
|0 (DE-588)4027473-1
|0 (DE-627)106284401
|0 (DE-576)208971130
|4 isb
|
| 776 |
1 |
|
|x 0367-729X
|
| 776 |
0 |
8 |
|i Erscheint auch als
|n Engl. Ausg.
|t International criminal police review
|d Lyon : ICPO, 1946
|w (DE-627)129531421
|w (DE-600)214967-9
|w (DE-576)014956098
|x 0367-729X
|k Non-Electronic
|
| 936 |
b |
k |
|a 88.17
|j Ordnungskräfte
|q ARK
|0 (DE-627)10641383X
|
| 936 |
b |
k |
|a 89.40
|j Innere Beziehungen des Staates: Allgemeines
|q ARK
|0 (DE-627)106414100
|
| 951 |
|
|
|a JT
|
| ELC |
|
|
|b 1
|
| LOK |
|
|
|0 000 xxxxxcy a22 3n 4500
|
| LOK |
|
|
|0 001 2112487434
|
| LOK |
|
|
|0 003 DE-627
|
| LOK |
|
|
|0 004 12948637X
|
| LOK |
|
|
|0 005 20040416000000
|
| LOK |
|
|
|0 008 880928||||||||||||||||ger|||||||
|
| LOK |
|
|
|0 035
|a (DE-600)013881442
|
| LOK |
|
|
|0 040
|a DE-21
|c DE-627
|d DE-21
|
| LOK |
|
|
|0 852
|8 1
|
| LOK |
|
|
|0 852
|a DE-21
|
| LOK |
|
|
|0 852 1
|c ZB 1037
|9 00
|
| LOK |
|
|
|0 85900
|8 1.1
|a 23
|i 1968
|
| LOK |
|
|
|0 85910
|8 1.2
|a 56
|i 2001
|
| LOK |
|
|
|0 86630
|a 23.1968 - 56.2001
|
| LOK |
|
|
|0 866 0
|z ZLS-WZ
|
| LOK |
|
|
|0 939
|a 28-09-88
|b z01
|
| LOK |
|
|
|0 000 xxxxxcy a22 3n 4500
|
| LOK |
|
|
|0 001 2112487442
|
| LOK |
|
|
|0 003 DE-627
|
| LOK |
|
|
|0 004 12948637X
|
| LOK |
|
|
|0 005 20040416000000
|
| LOK |
|
|
|0 008 011214||||||||||||||||ger|||||||
|
| LOK |
|
|
|0 035
|a (DE-600)075735709
|
| LOK |
|
|
|0 040
|a DE-21
|c DE-627
|d DE-21
|
| LOK |
|
|
|0 852
|8 2
|
| LOK |
|
|
|0 852
|a DE-21
|
| LOK |
|
|
|0 852 1
|c ZB 1037
|9 00
|
| LOK |
|
|
|0 86630
|a 484/485.2000; 489/490.2001
|9 - CD-ROM-Beil. zu
|
| LOK |
|
|
|0 866 0
|z ZLS-WZ
|
| LOK |
|
|
|0 939
|a 14-12-01
|b z02
|
| LOK |
|
|
|0 000 xxxxxcx a22 zn 4500
|
| LOK |
|
|
|0 001 2776107692
|
| LOK |
|
|
|0 003 DE-627
|
| LOK |
|
|
|0 004 12948637X
|
| LOK |
|
|
|0 005 20131121143933
|
| LOK |
|
|
|0 008 131121||||||||||||||||ger|||||||
|
| LOK |
|
|
|0 040
|a DE-21-110
|c DE-627
|d DE-21-110
|
| LOK |
|
|
|0 852
|z Kein Bestand am IfK; Nachweis für KrimDok
|
| LOK |
|
|
|0 852
|a DE-21-110
|
| LOK |
|
|
|0 852 1
|m v
|9 00
|
| LOK |
|
|
|0 935
|a k110
|
| LOK |
|
|
|0 938
|k v
|
| LOK |
|
|
|0 939
|a 21-11-13
|b l01
|
| LOK |
|
|
|0 000 xxxxxcy a22 3n 4500
|
| LOK |
|
|
|0 001 211248737X
|
| LOK |
|
|
|0 003 DE-627
|
| LOK |
|
|
|0 004 12948637X
|
| LOK |
|
|
|0 005 20031030000000
|
| LOK |
|
|
|0 008 881013||||||||||||||||ger|||||||
|
| LOK |
|
|
|0 035
|a (DE-600)013881469
|
| LOK |
|
|
|0 040
|a DE-Frei85
|c DE-627
|d DE-Frei85
|
| LOK |
|
|
|0 852
|8 1
|
| LOK |
|
|
|0 852
|a DE-Frei85
|
| LOK |
|
|
|0 852 1
|9 00
|
| LOK |
|
|
|0 85900
|8 1.1
|a 5
|i 1950
|
| LOK |
|
|
|0 85910
|8 1.2
|a 41
|i 1986
|
| LOK |
|
|
|0 86630
|a 5.1950 - 41.1986
|
| LOK |
|
|
|0 939
|a 13-10-88
|b z01
|
| ORI |
|
|
|a WA-MARC-krimdokb001.raw
|
| SPR |
|
|
|a 1
|t KRI
|
| TIM |
|
|
|a 100019360101_100019391231
|b 1936 - 1939
|